Welcome to CU Library Online Public Access Catalogue (OPAC)

TEACHING STUDY SKILLS AND SUPPORTING LEARNING (Record no. 2133)

MARC details
000 -LEADER
fixed length control field 00431nam a22001577a 4500
005 - DATE AND TIME OF LATEST TRANSACTION
control field 20241212181243.0
008 - FIXED-LENGTH DATA ELEMENTS--GENERAL INFORMATION
fixed length control field 241212b |||||||| |||| 00| 0 eng d
020 ## - INTERNATIONAL STANDARD BOOK NUMBER
International Standard Book Number 9780333921241
050 ## - LIBRARY OF CONGRESS CALL NUMBER
Classification number LB1049
Item number COT
100 ## - MAIN ENTRY--PERSONAL NAME
Personal name COTTRELL, STELLA
245 ## - TITLE STATEMENT
Title TEACHING STUDY SKILLS AND SUPPORTING LEARNING
260 ## - PUBLICATION, DISTRIBUTION, ETC.
Place of publication, distribution, etc. NEW YORK
Name of publisher, distributor, etc. PAGRAVE MACMILLAN
Date of publication, distribution, etc. c2001
300 ## - PHYSICAL DESCRIPTION
Extent xvi,356p;
Other physical details ill.;
500 ## - GENERAL NOTE
General note Includes index
942 ## - ADDED ENTRY ELEMENTS (KOHA)
Source of classification or shelving scheme Library of Congress Classification
Koha item type Books
Suppress in OPAC No
999 ## -
-- 2133
-- 2133
Holdings
Withdrawn status Lost status Source of classification or shelving scheme Damaged status Not for loan Collection Home library Current library Shelving location Date acquired Total checkouts Full call number Barcode Date last seen Copy number Price effective from Koha item type
    Library of Congress Classification     Non-fiction Undergraduate Library (Christ Temple) Undergraduate Library (Christ Temple) General stacks 12/12/2024   LB1049 COT ulct00000619 12/12/2024 1 12/12/2024 Books
© 2023-2024 Copyright: Central University Libraries. All Rights Reserved | Created by: Mahone Tech Office